LEADER 01052nam a2200241 u 4500 001 000000064890 003 CaOOAMICUS 005 20070226121415.0 008 011126s1951 it u000 u ita u 035 $a10911536 040 $aIAR$bita$dPUL(R) 100 1 $aGuidi, Michelangelo,$d1886-1946.$0(OLS)http://pul/name/43799 245 10$aStoria e cultura degli Arabi fino alla morte di Maometto /$cMichelangelo Guidi. 260 $aFirenze :$bSansoni,$c1951. 300 $a230 S. ;$c18 cm 490 1 $aBiblioteca enciclopedica sansoniana ;$v16 650 4$aArabi$xStoria$yEvo antico.$0(OLS)http://pul/subject/23982 830 0$aBiblioteca enciclopedica sansoniana ;$v16.$0(OLS)http://pul/title/33564 850 $aPUL 852 $aPUL$W1$xDP1 Fondo Cecchetti$y53$m269 H 18$j84059$nBK-PRI$b $qFondi$B84059$CPULBib$Z2$F84059 $HPUL2904 $81 941 1 $a1 996 $6245$aStoria e cultura degli Arabi fino alla morte di Maometto$9(OLS)http://pul/title/86406 996 $6260$aFirenze :$bSansoni$9(OLS)http://pul/publisher/47896 LEADER 01360nam a2200289 u 4500 001 000000001735 003 CaOOAMICUS 005 20070226104339.0 008 940514s1984 it u000 u ita u 035 $a10043074 040 $aPUL(R)$bita 100 1 $aBragantini, Giuliana.$0(OLS)http://pul/name/1905 245 13$aLe donne nel Concilio Vaticano II /$cGiuliana Bragantini. 260 $aRoma :$bPontificia Università Lateranense,$c1984. 300 $a174 p. ;$c25 cm 490 1 $aPontificia Universitas Lateranensis. Theses ad doctoratum in s. theologia 502 $aDiss. -- Pontificia Università Lateranense. 504 $aBibliografia: p. 159-166. 611 24$aConcilium Vaticanum$n(2 :$d1962-1965).$0(OLS)http://pul/subject/71 650 4$aDonne nella religione cattolica.$0(OLS)http://pul/subject/1673 830 0$aTheses ad doctoratum in s. theologia (Pontificia Università Lateranense).$0(OLS)http://pul/title/346 850 $aPUL 852 $aPUL$W1$xDP1 Tesi Pon Univ. Lateranense$y41$mTH PUL.THEOL 420$j2299$nBK-PRI$b $qTesi$B2299$CPULBib$Z2$F2299 $HPUL55043 $81 941 1 $a16 960 $aConcilio Vaticano II (1962-1965)$971 996 $6245$aLe donne nel Concilio Vaticano II$9(OLS)http://pul/title/2614 996 $6260$aRoma :$bPontificia Università Lateranense$9(OLS)http://pul/publisher/47963